| 000 | 00823aam a2200289 i 4500 | ||
|---|---|---|---|
| 001 | 768714001 | ||
| 003 | CO-MdFUSB | ||
| 005 | 20250901120312.0 | ||
| 007 | ta | ||
| 008 | 250901txxx cr |||| |||| 00| 0 spa d | ||
| 040 | _cCO-MdFUSB | ||
| 041 | 0 | _aspa | |
| 082 | 0 | 4 |
_223 _a249.5 _bL4771n |
| 100 | 1 |
_aLee, Dora V. de _eautor |
|
| 245 | 1 | 0 |
_aNuestro pan diario : _bpara la devoción familiar _c/ Dora V. De Lee |
| 247 | _aTres meses en las Cartas de san Pablo | ||
| 264 | 0 |
_bCaribe, _aSan José, Costa Rica : _c[Fecha de producción no identificada] |
|
| 300 | _a181 páginas | ||
| 336 |
_atexto _btxt _2rdacontent |
||
| 337 |
_2rdamedia _asin mediación _bn |
||
| 338 |
_2rdacarrier _avolumen _bnc |
||
| 563 | _aRústico | ||
| 653 | _aDevocionarios | ||
| 653 | _aVida familiar | ||
| 942 | _cBK | ||
| 945 | _aJTF-925 | ||
| 999 |
_c36293 _d36293 |
||